VEGETABLE CROPS (VOL-3) (Record no. 5642)

MARC details
000 -LEADER
fixed length control field 00403nam a22001697a 4500
005 - DATE AND TIME OF LATEST TRANSACTION
control field 20171129131127.0
008 - FIXED-LENGTH DATA ELEMENTS--GENERAL INFORMATION
fixed length control field 171129b xxu||||| |||| 00| 0 eng d
020 ## - INTERNATIONAL STANDARD BOOK NUMBER
ISBN 81-85971-57-9
041 ## - LANGUAGE CODE
Language code of text/sound track or separate title eng
082 ## - DEWEY DECIMAL CLASSIFICATION NUMBER
Classification number 635
100 ## - MAIN ENTRY--AUTHOR NAME
Personal name BOSE, T.K. AND OTHERS
245 ## - TITLE STATEMENT
Title VEGETABLE CROPS (VOL-3)
Statement of responsibility, etc T.K. BOSE
250 ## - EDITION STATEMENT
Edition statement 3RD REV ED.
260 ## - PUBLICATION, DISTRIBUTION, ETC. (IMPRINT)
Place of publication INDIA
Name of publisher NAYA UDYOG
300 ## - PHYSICAL DESCRIPTION
Number of Pages 520p.
942 ## - ADDED ENTRY ELEMENTS (KOHA)
Koha item type Books
Holdings
Lost status Damaged status Collection code Home library Current library Shelving location Date acquired Source of acquisition Cost, normal purchase price Full call number Accession Number Koha item type
    Reference JRU Library JRU Library SHELF-2-E 29/11/2017 PURCHESS 2000.00 635 22216 Books